01594cas a22003615a 45000010009000000050017000090080040000260100017000660400083000830500019001660820020001851100063002052450198002682500013004662600054004793000024005333620028005575000083005855000024006685250045006925500125007375900032008626100026008946500010009206510010009306530023009406550024009637850075009879360012010629420012010749990017010869520129011031114335320150810154808.0750410d19481968nyu r pf | i001 0ceng  a 48010196  aDLCbengcDIdDLCdOCoLCdDLCdOCoLCdNSTdOCoLCdMHdNSDPdNSTdInUdEG-ScBUE00aJX1977.A37bE904a341.13bUNI2221 aUnited Nations. bOffice of Public Information.cNew York.10aEveryman's United Nations :ba complete handbook of the activities and evolution of the United Nations during its first twenty years, 1945-1965 / cOffice of Public Information, United Nations. a8th ed.  aNew York : bUnited Nations Publications, c1968. axii, 634 p.c22 cm.0 a[1st]-8th ed.; 1948-68. aSecond-8th editions issued with the United Nations publications sales numbers. aIndex : p. 597-634. a8th ed. has supplement covering 1966-70. aVols. for 1948-56 issued by the United Nations Dept. of Public Information; 1959-68 by its Office of Public Information. aSERBIB/SERLOC merged record20aUnited Nations.99585 2BUEsh 2BUEsh bBUSBOLcAugust2015 vreading book93423200tEveryone's United Nationsx0251-690Xw(DLC) 80644223w(OCoLC)6104926 aUnknown 2ddccBB c12969d12969 00102ddc40708 aMAINbMAINc1STd2009-11-23epurchasel2m11o341.13 UNIp000018152r2025-07-15 00:00:00s2019-04-15yBB